000 00684nam a22002417a 4500
003 UA-OsUOA
001 52985
007 ta
008 20150915b un ||||| |||| 00| 0 ukr d
100 _aАліг'єрі Д.
090 _a82-9
_bА50
942 _cBR
040 _aUA-OsUOA
_bukr
_cUA-OsUOA
_dUA-OsUOA
245 _aБожественна комедія
300 _a32 с.
955 _a3
041 _aukr
080 _a82-9
260 _aШтутгарт
_c1978
650 7 _a82 Література. Літературознавство
_2UDC
999 _c433110
_d433110